Child health Nursing (Record no. 17388)
[ view plain ]
| 000 -LEADER | |
|---|---|
| fixed length control field | 00494nam a22001817a 4500 |
| 003 - CONTROL NUMBER IDENTIFIER | |
| control field | OSt |
| 005 - DATE AND TIME OF LATEST TRANSACTION | |
| control field | 20190122162305.0 |
| 008 - FIXED-LENGTH DATA ELEMENTS--GENERAL INFORMATION | |
| fixed length control field | 190122b xxu||||| |||| 00| 0 eng d |
| 020 ## - INTERNATIONAL STANDARD BOOK NUMBER | |
| International Standard Book Number | 0134624726 |
| 040 ## - CATALOGING SOURCE | |
| Transcribing agency | KABU |
| 050 ## - LIBRARY OF CONGRESS CALL NUMBER | |
| Classification number | RJ245 |
| Item number | .C45 2019 c.1 |
| 245 ## - TITLE STATEMENT | |
| Title | Child health Nursing |
| Remainder of title | partnering with children and families |
| Statement of responsibility, etc. | edited by jane W. Ball |
| 250 ## - EDITION STATEMENT | |
| Edition statement | 3rd edition |
| 260 ## - PUBLICATION, DISTRIBUTION, ETC. (IMPRINT) | |
| Place of publication, distribution, etc. | Boston |
| Name of publisher, distributor, etc. | Pearson |
| Date of publication, distribution, etc. | 1619 |
| 650 ## - SUBJECT ADDED ENTRY--TOPICAL TERM | |
| Topical term or geographic name as entry element | Pediatric Nursing |
| 650 ## - SUBJECT ADDED ENTRY--TOPICAL TERM | |
| Topical term or geographic name as entry element | Child Health |
| 942 ## - ADDED ENTRY ELEMENTS (KOHA) | |
| Source of classification or shelving scheme | Library of Congress Classification |
| Koha item type | General Collection |
| Withdrawn status | Lost status | Source of classification or shelving scheme | Not for loan | Home library | Current library | Date acquired | Cost, normal purchase price | Total Checkouts | Full call number | Barcode | Date last seen | Price effective from | Koha item type | Date last checked out |
|---|---|---|---|---|---|---|---|---|---|---|---|---|---|---|
| Library of Congress Classification | Kabarak, Main Campus | Kabarak, Main Campus | 22/01/2019 | 14362.00 | RJ245 .C45 2019 c.1 | 022862 | 22/01/2019 | 22/01/2019 | General Collection | |||||
| Library of Congress Classification | Kabarak, Main Campus | Kabarak, Main Campus | 22/01/2019 | 14362.00 | RJ245 .C45 2019 c.2 | 022860 | 22/01/2019 | 22/01/2019 | General Collection | |||||
| Library of Congress Classification | Kabarak, Main Campus | Kabarak, Main Campus | 22/01/2019 | 14362.00 | RJ245 .C45 2019 c.3 | 022863 | 22/01/2019 | 22/01/2019 | General Collection | |||||
| Library of Congress Classification | Kabarak, Main Campus | Kabarak, Main Campus | 22/01/2019 | 14362.00 | 2 | RJ245 .C45 2019 c.4 | 022864 | 19/10/2019 | 22/01/2019 | General Collection | 24/09/2019 | |||
| Library of Congress Classification | Kabarak, Main Campus | Kabarak, Main Campus | 22/01/2019 | 14362.00 | 1 | RJ245 .C45 2019 c.5 | 022861 | 06/11/2019 | 22/01/2019 | General Collection | 03/10/2019 |